Caldes d'Estrac : vila d'aigua calenta i aigua salada : breu història il·lustrada / dibuixos: jaume Marzal Canós ; guió tècnic i diàlegs: Jaume Marzal i Gregori Luri ; guió històric i coordinació: Francesc Vila i Miquel Navarro vila d'aigua calenta i aigua salada :
Descripción Física:
[39] p. : principalment il. ; 29 cm
MARC
| LEADER | 00000nam a2200000Ia 4500 | ||
|---|---|---|---|
| 001 | 17043 | ||
| 008 | 160829s1999 xx 000 0 cat d | ||
| 080 | |a M-5-111 | ||
| 100 | |a Marzal-Canós, Jaume |9 23419 | ||
| 245 | |a Caldes d'Estrac : |b vila d'aigua calenta i aigua salada : |b breu història il·lustrada / dibuixos: |b jaume Marzal Canós ; guió tècnic i diàlegs: |b Jaume Marzal i Gregori Luri ; guió històric i coordinació: |b Francesc Vila i Miquel Navarro | ||
| 260 | |a [Caldes d'Estrac] : |b Arrels Cultura, |c 1999 | ||
| 300 | |a [39] p. : |b principalment il. ; |c 29 cm | ||
| 650 | |a Còmics |9 23420 | ||
| 651 | 0 | |a Caldes d'Estrac (Catalunya) |x Història |9 72212 | |
| 700 | |a Vila, Francesc, ed. |9 23422 | ||
| 700 | |a Luri, Gregori |9 23423 | ||
| 700 | |a Navarro, Miquel, ed. |9 23424 | ||
| 901 | |a Arxiu | ||
| 942 | |n 1 | ||
| 952 | |0 0 |1 0 |4 0 |6 M5111 |7 1 |9 42701 |a Arxiu |b Arxiu |d 2016-12-01 |l 0 |o M-5-111 |p 17043 |r 2016-12-01 00:00:00 |w 2016-12-01 |y ARXIU | ||
| 999 | |c 45207 |d 45207 | ||